000 00718nam a2200217Ii 4500
003 JO-AjNU
008 230605s9999||||xx |||||||||||||| ||und||
017 _a1990/485
040 _aJO-AjNU
_bara
_erda
_cJO-AjNU
041 _aara
050 1 4 _aHM22.I72 .M3636 1990
100 3 _aعمر، معن خليل ,
_eauthor
_942291
245 0 0 _aرواد علم الاجتماع في العراق
250 _aط1
264 3 1 _aبغداد: دار الشؤون الثقافية العامة، 1990
300 _a223ص
336 _atext
_btxt
_2rdacontent
337 _aunmediated
_bn
_2rdamedia
338 _avolume
_bnc
_2rdacarrier
650 4 _a علماء الاجتماع العراقيون - تراجم 
_942292
999 _aA18098
_c21666
_d21666